[Event "Las Palmas Insular-chT Pref"]
[Site "Las Palmas"]
[Date "2015.03.21"]
[Round "11.2"]
[White "Martin Ojeda, Juan Manuel"]
[Black "Barlov, Dragan"]
[Result "1/2-1/2"]
[WhiteElo "2202"]
[BlackElo "2433"]
[PlyCount "65"]
[EventDate "2014.11.22"]
[EventType "team-tourn"]
[EventRounds "14"]
[EventCountry "ESP"]
[SourceTitle "EXT 2016"]
[Source "ChessBase"]
[SourceDate "2015.10.08"]
[SourceVersion "1"]
[SourceVersionDate "2015.10.08"]
[SourceQuality "1"]
[WhiteTeam "Tres W"]
[BlackTeam "Villa de Teror Goya"]
[WhiteTeamCountry "ESP"]
[BlackTeamCountry "ESP"]

1. e4 c5 2. b3 Nc6 3. Bb2 a6 4. f4 d5 5. exd5 Qxd5 6. Nf3 e6 7. Nc3 Qd8 8. Ne4 Nh6 9. Qe2 Nf5 10. 0-0-0 Be7 11. Qf2 0-0 12. Ne5 Nfd4 13. Nxc6 Nxc6 14. g4 Nd4 15. g5 Bd7 16. Rg1 Bc6 17. Nf6+ Bxf6 18. gxf6 Qxf6 19. Rg5 Qe7 20. Bd3 f6 21. Qh4 Nf5 22. Rxf5 exf5 23. Bxf5 g6 24. Rg1 Be4 25. Bxe4 Qxe4 26. Bxf6 Rxf6 27. Qxf6 Rf8 28. Qd6 Qxf4 29. Qxc5 Qxh2 30. Qd5+ Kh8 31. Qd4+ Kg8 32. Qd5+ Kh8 33. Qd4+ 1/2-1/2

[Event "Las Palmas Insular-chT Pref"]
[Site "Las Palmas"]
[Date "2015.01.31"]
[Round "6.2"]
[White "Henriquez Garcia, David"]
[Black "Martin Ojeda, Juan Manuel"]
[Result "1/2-1/2"]
[WhiteElo "1981"]
[BlackElo "2202"]
[PlyCount "54"]
[EventDate "2014.11.22"]
[EventType "team-tourn"]
[EventRounds "14"]
[EventCountry "ESP"]
[SourceTitle "EXT 2016"]
[Source "ChessBase"]
[SourceDate "2015.10.08"]
[SourceVersion "1"]
[SourceVersionDate "2015.10.08"]
[SourceQuality "1"]
[WhiteTeam "Anand Iberia"]
[BlackTeam "Tres W"]
[WhiteTeamCountry "ESP"]
[BlackTeamCountry "ESP"]

1. Nf3 Nf6 2. g3 b6 3. Bg2 Bb7 4. 0-0 c5 5. b3 e6 6. Bb2 Be7 7. d3 0-0 8. Nbd2 d6 9. e4 Nbd7 10. Re1 Qc7 11. Nf1 Rac8 12. c4 a6 13. N3d2 g6 14. f4 Nh5 15. Nf3 Rfe8 16. Qd2 Ng7 17. Ne3 f5 18. exf5 gxf5 19. Rad1 Nf6 20. Qc3 Bd8 21. Nh4 Bxg2 22. Kxg2 Rf8 23. Kg1 Qb7 24. Qc2 b5 25. Qg2 Qxg2+ 26. Kxg2 b4 27. Nf3 Ng4 1/2-1/2

[Event "Las Palmas Insular-chT Pref 1314"]
[Site "Agaete"]
[Date "2014.01.25"]
[Round "7.3"]
[White "Diaz Diaz, Abel"]
[Black "Martin Ojeda, Juan Manuel"]
[Result "0-1"]
[WhiteElo "2103"]
[BlackElo "2248"]
[PlyCount "64"]
[EventDate "2013.11.09"]
[EventType "team-tourn"]
[EventRounds "14"]
[EventCountry "ESP"]
[SourceTitle "EXT 2015"]
[Source "ChessBase"]
[SourceDate "2014.11.20"]
[SourceVersion "1"]
[SourceVersionDate "2014.11.20"]
[SourceQuality "1"]
[WhiteTeam "Univacit Guia"]
[BlackTeam "La Caja de Canarias"]
[WhiteTeamCountry "ESP"]
[BlackTeamCountry "ESP"]

1. e4 e6 2. d3 c5 3. Nf3 Nc6 4. g3 g6 5. Bg2 Bg7 6. 0-0 Nge7 7. c3 0-0 8. Qe2 d6 9. Bf4 b6 10. a4 h6 11. h4 a6 12. Na3 Kh7 13. Rad1 e5 14. Bc1 Be6 15. c4 Qd7 16. b3 Bg4 17. Nc2 Kh8 18. Qe1 Rae8 19. Qc3 f5 20. Rde1 f4 21. Nh2 f3 22. Bh1 Nd4 23. Nxd4 exd4 24. Qc2 Bh5 25. Qd1 Nc6 26. Bxf3 Rxf3 27. Nxf3 Rf8 28. Bf4 Rxf4 29. gxf4 Qg4+ 30. Kh2 Qxf4+ 31. Kg2 Ne5 32. Nxe5 Bxe5 0-1

[Event "Las Palmas Insular-chT Pref"]
[Site "Las Palmas"]
[Date "2013.02.23"]
[Round "10.2"]
[White "Jerez Lopez, Juan Ramon"]
[Black "Martin Ojeda, Juan Manuel"]
[Result "0-1"]
[WhiteElo "1949"]
[BlackElo "2258"]
[PlyCount "52"]
[EventDate "2012.11.10"]
[EventType "team-tourn"]
[EventRounds "14"]
[EventCountry "ESP"]
[SourceTitle "EXT 2014"]
[Source "ChessBase"]
[SourceDate "2013.11.20"]
[SourceVersion "1"]
[SourceVersionDate "2013.11.20"]
[SourceQuality "1"]
[WhiteTeam "Panaderia Pulido San Mateo"]
[BlackTeam "Canarias de Las Palmas"]
[WhiteTeamCountry "ESP"]
[BlackTeamCountry "ESP"]

1. c4 Nf6 2. g3 e6 3. Bg2 d5 4. Nf3 Be7 5. 0-0 0-0 6. d4 dxc4 7. Qc2 a6 8. a4 Nc6 9. Qxc4 a5 10. Nc3 Nb4 11. Bg5 Ra6 12. Ne5 Rb6 13. Rfd1 Nc2 14. Rac1 Rb4 15. Qd3 Nxd4 16. Qb1 Nd5 17. Bxe7 Qxe7 18. Bxd5 exd5 19. Nd3 Bf5 20. Nxb4 Bxb1 21. Nbxd5 Qe5 22. Rxb1 Nxe2+ 23. Nxe2 Qxe2 24. Nxc7 h5 25. h4 Rc8 26. Rd7 Qc2 0-1

[Event "Las Palmas Insular-chT Pref"]
[Site "Las Palmas"]
[Date "2012.12.01"]
[Round "3.3"]
[White "Jerez Lopez, Juan Ramon"]
[Black "Martin Ojeda, Juan Manuel"]
[Result "1/2-1/2"]
[WhiteElo "1949"]
[BlackElo "2258"]
[PlyCount "61"]
[EventDate "2012.11.10"]
[EventType "team-tourn"]
[EventRounds "14"]
[EventCountry "ESP"]
[SourceTitle "EXT 2014"]
[Source "ChessBase"]
[SourceDate "2013.11.20"]
[SourceVersion "1"]
[SourceVersionDate "2013.11.20"]
[SourceQuality "1"]
[WhiteTeam "Panaderia Pulido San Mateo"]
[BlackTeam "Canarias de Las Palmas"]
[WhiteTeamCountry "ESP"]
[BlackTeamCountry "ESP"]

1. e4 e6 2. d4 d5 3. Nc3 Bb4 4. e5 c5 5. a3 Ba5 6. Nf3 cxd4 7. Qxd4 Ne7 8. Bg5 Nbc6 9. Bb5 Qd7 10. Qa4 a6 11. Qxa5 Nxa5 12. Bxd7+ Bxd7 13. 0-0-0 Ng6 14. Rhe1 h6 15. Be3 Rc8 16. h4 Nc4 17. Bd4 Ne7 18. Ne2 a5 19. Nd2 0-0 20. Nxc4 Rxc4 21. b3 Rc6 22. Bb2 a4 23. Nd4 Rc7 24. Kd2 Rfc8 25. Rc1 Rc5 26. Re3 h5 27. g3 Ng6 28. f4 Nf8 29. Rce1 f6 30. Bc3 fxe5 31. fxe5 1/2-1/2

[Event "Las Palmas Insular-chT Pref"]
[Site "Las Palmas"]
[Date "2012.11.17"]
[Round "2.4"]
[White "Vega Gutierrez, Belinda Vidina"]
[Black "Martin Ojeda, Juan Manuel"]
[Result "1-0"]
[WhiteElo "2190"]
[BlackElo "2258"]
[PlyCount "67"]
[EventDate "2012.11.10"]
[EventType "team-tourn"]
[EventRounds "14"]
[EventCountry "ESP"]
[SourceTitle "EXT 2014"]
[Source "ChessBase"]
[SourceDate "2013.11.20"]
[SourceVersion "1"]
[SourceVersionDate "2013.11.20"]
[SourceQuality "1"]
[WhiteTeam "Hispafrica"]
[BlackTeam "Canarias de Las Palmas"]
[WhiteTeamCountry "ESP"]
[BlackTeamCountry "ESP"]

1. e4 e6 2. d4 d5 3. Nc3 Bb4 4. e5 c5 5. Bd2 Ne7 6. f4 cxd4 7. Nb5 Bxd2+ 8. Qxd2 0-0 9. Nf3 Nbc6 10. Nbxd4 f6 11. exf6 Rxf6 12. 0-0-0 Qc7 13. g3 Bd7 14. Re1 Nxd4 15. Nxd4 Rc8 16. Bd3 Nc6 17. Nf3 a5 18. Kb1 Nb4 19. Ne5 Ba4 20. Rc1 Qb6 21. a3 Na6 22. h4 Nc5 23. h5 Bb5 24. Bxb5 Qxb5 25. c4 Ne4 26. Qd3 Qe8 27. cxd5 Nf2 28. Rxc8 Qxc8 29. Qf3 Nxh1 30. Qxh1 Qd8 31. dxe6 Rxe6 32. Qxb7 Rd6 33. Qb3+ Rd5 34. Nc6 1-0

[Event "Las Palmas-chT"]
[Site "Las Palmas"]
[Date "2011.03.12"]
[Round "8.2"]
[White "Martin Ojeda, Juan Manuel"]
[Black "Menvielle Laccourreye, Augusto"]
[Result "0-1"]
[WhiteElo "2257"]
[BlackElo "2265"]
[PlyCount "114"]
[EventDate "2011.01.15"]
[EventType "team-swiss"]
[EventRounds "14"]
[EventCountry "ESP"]
[SourceTitle "EXT 2012"]
[Source "ChessBase"]
[SourceDate "2011.11.24"]
[SourceVersion "1"]
[SourceVersionDate "2011.11.24"]
[SourceQuality "1"]
[WhiteTeam "Real Club Victoria"]
[BlackTeam "Anand Iberia"]
[WhiteTeamCountry "ESP"]
[BlackTeamCountry "ESP"]

1. e4 e6 2. d4 d5 3. Nc3 Bb4 4. e5 c5 5. a3 Bxc3+ 6. bxc3 Ne7 7. Qg4 Qc7 8. Qxg7 Rg8 9. Qxh7 cxd4 10. Ne2 Nbc6 11. f4 Bd7 12. Qd3 dxc3 13. Qxc3 0-0-0 14. Bd2 Nf5 15. g3 d4 16. Qd3 Na5 17. Bg2 Bc6 18. Bxc6 Qxc6 19. Kf2 Nc4 20. Rhg1 Nce3 21. c3 Ng4+ 22. Ke1 dxc3 23. Qxc3 Qxc3 24. Nxc3 Nxh2 25. Ne4 Nf3+ 26. Ke2 Nxd2 27. Nxd2 Nxg3+ 28. Kd1 Rd3 29. Kc2 Rgd8 30. Nc4 Ne2 31. Nd6+ R3xd6 32. exd6 Nxg1 33. Rxg1 Rxd6 34. Rg7 Rd7 35. Kc3 Kd8 36. f5 exf5 37. Rg5 Ke7 38. Rxf5 Ke6 39. Rf1 f5 40. Re1+ Kf6 41. Rf1 b5 42. Rf2 Rd5 43. Kb4 Kg5 44. Rg2+ Kf6 45. Rf2 a6 46. Ka5 Rd6 47. Rf1 Kg6 48. Rg1+ Kf7 49. Kb4 f4 50. Rf1 Rd4+ 51. Kc3 Ra4 52. Kb3 Kf6 53. Rc1 f3 54. Rf1 Rf4 55. Kc3 Ke5 56. Kd3 Ra4 57. Ra1 Kf4 0-1

[Event "Las Palmas-chT"]
[Site "Las Palmas"]
[Date "2011.01.15"]
[Round "1.2"]
[White "Vega Gutierrez, Belinda Vidina"]
[Black "Martin Ojeda, Juan Manuel"]
[Result "0-1"]
[WhiteElo "2257"]
[BlackElo "2257"]
[PlyCount "80"]
[EventDate "2011.01.15"]
[EventType "team-swiss"]
[EventRounds "14"]
[EventCountry "ESP"]
[SourceTitle "EXT 2012"]
[Source "ChessBase"]
[SourceDate "2011.11.24"]
[SourceVersion "1"]
[SourceVersionDate "2011.11.24"]
[SourceQuality "1"]
[WhiteTeam "Anand Iberia"]
[BlackTeam "Real Club Victoria"]
[WhiteTeamCountry "ESP"]
[BlackTeamCountry "ESP"]

1. e4 e6 2. d4 d5 3. Nd2 Nf6 4. e5 Nfd7 5. Ngf3 c5 6. c3 Nc6 7. Bd3 Be7 8. 0-0 g5 9. dxc5 g4 10. Nd4 Ndxe5 11. Bb5 Bd7 12. f4 Nxd4 13. Bxd7+ Qxd7 14. cxd4 Nc6 15. Nb3 h5 16. Be3 Bf6 17. Qd2 0-0-0 18. Nc1 Kb8 19. b4 Rc8 20. Nb3 Ne7 21. a4 h4 22. b5 Nf5 23. Rfb1 Ka8 24. Ra2 Qe7 25. Na5 Bg7 26. c6 b6 27. Nb7 Qf6 28. Rb4 Bh6 29. a5 Nxe3 30. Qxe3 Bxf4 31. Qe1 Bc7 32. axb6 Bxb6 33. Nc5 g3 34. h3 Qf4 35. Rba4 e5 36. Rxa7+ Bxa7 37. b6 Qxd4+ 38. Kh1 Rc7 39. b7+ Rxb7 40. cxb7+ Kb8 0-1

[Event "Isla de La Palma U2300 op"]
[Site "Isla de la Palma"]
[Date "2005.06.08"]
[Round "6.1"]
[White "Martin Ojeda, Juan Manuel"]
[Black "Lacrosse, Marc"]
[Result "1-0"]
[WhiteElo "2268"]
[BlackElo "2289"]
[PlyCount "63"]
[EventDate "2005.06.03"]
[EventType "swiss"]
[EventRounds "9"]
[EventCountry "ESP"]
[SourceTitle "EXT 2024"]
[Source "ChessBase"]
[SourceDate "2023.10.10"]
[SourceVersion "1"]
[SourceVersionDate "2023.10.10"]
[SourceQuality "1"]

1. e4 e5 2. d4 exd4 3. Qxd4 Nc6 4. Qe3 Nf6 5. Nc3 Be7 6. Bc4 0-0 7. Bd2 Ne5 8. Bb3 Nfg4 9. Qe2 d6 10. h3 Nf6 11. 0-0-0 Nc6 12. Qe3 Na5 13. g4 Nxb3+ 14. axb3 Bd7 15. f4 Bc6 16. g5 Nd7 17. Nge2 f5 18. gxf6 Bxf6 19. Rhg1 Qe7 20. Ng3 Rae8 21. Nf5 Qe6 22. Qg3 Rf7 23. Nh6+ Kh8 24. Nxf7+ Qxf7 25. Rde1 Re7 26. Nd5 Bxd5 27. exd5 Nb6 28. Rxe7 Qxe7 29. Re1 Qf7 30. Qg4 h5 31. Qe6 Qg6 32. f5 1-0

[Event "Canarias en Red final"]
[Site "Playchess.com INT"]
[Date "2004.05.09"]
[Round "9"]
[White "Martin Ojeda, Juan Manuel"]
[Black "Haugsdal, Arn Tore"]
[Result "1/2-1/2"]
[WhiteElo "2229"]
[BlackElo "2124"]
[PlyCount "111"]
[EventDate "2004.05.09"]
[EventType "swiss (blitz)"]
[EventRounds "13"]
[EventCountry "GER"]
[SourceTitle "EXT 2005"]
[Source "ChessBase"]
[SourceDate "2004.11.15"]
[SourceVersion "1"]
[SourceVersionDate "2004.11.15"]
[SourceQuality "1"]

1. e4 e5 2. d4 exd4 3. Qxd4 Nc6 4. Qe3 Be7 5. Nc3 Nf6 6. Bc4 d6 7. Bd2 Ne5 8. Bb3 Be6 9. h3 0-0 10. f4 Nc4 11. Bxc4 Bxc4 12. 0-0-0 a5 13. g4 a4 14. Nf3 a3 15. b3 Ba6 16. Rdg1 c5 17. h4 c4 18. h5 cxb3 19. cxb3 d5 20. e5 Ne4 21. f5 Bc5 22. Nd4 Qb6 23. Nxd5 Bxd4 24. Nxb6 Bxe3 25. Bxe3 Rad8 26. g5 Rd3 27. Re1 Rfd8 28. f6 Nc3 29. Rh2 Nxa2+ 30. Rxa2 Rxb3 31. g6 hxg6 32. hxg6 Bd3 33. gxf7+ Kxf7 34. e6+ Kxf6 35. e7 Re8 36. Nd5+ Kf7 37. Bd4 Bc4 38. Rf2+ Kg6 39. Nf4+ Kf7 40. Bc5 a2 41. Rxa2 Rc3+ 42. Rc2 Rxc2+ 43. Kxc2 b6 44. Bb4 g5 45. Nh3 g4 46. Ng5+ Kf6 47. Ne4+ Kf7 48. Nd6+ Kg8 49. Nxe8 Bb5 50. Nf6+ Kf7 51. Nxg4 Kg6 52. Re5 Kf7 53. Rxb5 Ke8 54. Rxb6 Kd7 55. Rb8 Kc7 56. e8Q 1/2-1/2

[Event "Canarias en Red final"]
[Site "Playchess.com INT"]
[Date "2004.05.09"]
[Round "10"]
[White "Martin Ojeda, Juan Manuel"]
[Black "Henriquez Garcia, David"]
[Result "1-0"]
[WhiteElo "2229"]
[BlackElo "2165"]
[PlyCount "47"]
[EventDate "2004.05.09"]
[EventType "swiss (blitz)"]
[EventRounds "13"]
[EventCountry "GER"]
[SourceTitle "EXT 2005"]
[Source "ChessBase"]
[SourceDate "2004.11.15"]
[SourceVersion "1"]
[SourceVersionDate "2004.11.15"]
[SourceQuality "1"]

1. e4 c5 2. Nc3 Nc6 3. Bb5 a6 4. Bxc6 bxc6 5. f4 d6 6. Nf3 e6 7. 0-0 Be7 8. d3 Nf6 9. Qe1 0-0 10. Qg3 Re8 11. Bd2 d5 12. e5 Nd7 13. b3 Nf8 14. Na4 d4 15. Qe1 a5 16. Kh1 Nd7 17. Rf2 Bh4 18. Nxh4 Qxh4 19. g3 Qd8 20. Qe4 Bb7 21. Raf1 f5 22. Qe2 Nf6 23. exf6 Qxf6 24. Qe5 1-0

[Event "ESP-chT"]
[Site "Barcelona"]
[Date "2000.08.08"]
[Round "4"]
[White "Martin Ojeda, Juan Manuel"]
[Black "Olaizola Ortega, Luis"]
[Result "1-0"]
[WhiteElo "2225"]
[BlackElo "2283"]
[PlyCount "67"]
[EventDate "2000.08.05"]
[EventType "team"]
[EventRounds "9"]
[EventCountry "ESP"]
[SourceTitle "CBM 077 Extra"]
[Source "ChessBase"]
[SourceDate "2000.09.14"]
[SourceVersion "1"]
[SourceVersionDate "2000.09.14"]
[SourceQuality "1"]

1. e4 e6 2. d4 d5 3. Nc3 Nf6 4. e5 Nfd7 5. Nf3 c5 6. dxc5 Nc6 7. Bf4 Bxc5 8. Bd3 Qb6 9. 0-0 Qxb2 10. Nb5 Kf8 11. Bd2 a6 12. Bc3 Qxa1 13. Qxa1 axb5 14. Bxb5 Ke7 15. a4 Nb6 16. Qc1 h6 17. Qf4 Bd7 18. Rb1 Rhb8 19. g4 Na5 20. g5 Nac4 21. gxh6 gxh6 22. Qf6+ Ke8 23. Kh1 Bxb5 24. axb5 Bf8 25. Rg1 Ra3 26. Bd4 Nd7 27. Qf4 b6 28. Rg8 Rba8 29. c3 Ra1+ 30. Kg2 Rd1 31. Rh8 Ra7 32. Qxh6 Nb2 33. Bxb6 Rb7 34. Bc5 1-0

[Event "Las Palmas op"]
[Site "Las Palmas"]
[Date "1995.??.??"]
[Round "4"]
[White "Kovacevic, Slobodan"]
[Black "Martin Ojeda, Juan Manuel"]
[Result "1-0"]
[WhiteElo "2365"]
[BlackElo "2255"]
[PlyCount "51"]
[EventDate "1995.11.??"]
[EventType "swiss"]
[EventRounds "9"]
[EventCountry "ESP"]
[SourceTitle "EXT 1998"]
[Source "ChessBase"]
[SourceDate "1997.11.17"]
[SourceVersion "1"]
[SourceVersionDate "1997.11.17"]
[SourceQuality "1"]

1. d4 e6 2. Nf3 Nf6 3. Bf4 c5 4. e3 b6 5. Nbd2 Bb7 6. Nc4 d5 7. Nce5 Nbd7 8. Bb5 a6 9. Ng5 axb5 10. Nexf7 Qc8 11. Nxh8 Qc6 12. Nxh7 0-0-0 13. Nxf8 Rxf8 14. Ng6 Re8 15. 0-0 Ne4 16. Qh5 Nd6 17. b3 Nf7 18. Qh7 e5 19. Qxg7 Qe6 20. Bg3 Nf6 21. Nxe5 Nd6 22. Nd3 Nfe4 23. Nf4 Qf5 24. Qg6 Qd7 25. Nd3 Nxg3 26. hxg3 1-0